000 01035cam a2200193 4500
001 WB3919-10
008 030519n2003 000 0 eng u
035 _a(Sirsi) u122321
245 _aWork Foundation says embrace homeworking
260 _c2003
490 _aWork Foundation Press Release
_v19 May 2003 (2)
520 _aIn a new report, "Time to go home - embracing the homeworking revolution", the Work Foundation predicts that tax changes in the 2003 budget and the recently introduced to right to request flexible working will encourage homeworking. At present homeworking is organised on an ad hoc basis and the Work Foundation want to encourage both government and employers to use it on a more defined basis. The report is available to download from the Work Foundation website, http://www.theworkfoundation.com/servlet/IndSocProduct?id=5110000056.
590 _aWB
650 _aHOMEWORKING
650 _aFLEXIBLE WORKING PRACTICES
650 _aOFFICES
690 _aMANAGEMENT-FACILITIES MANAGEMENT
942 _n0
999 _c72689
_d72689